[Event "POL-chT3 Slaskie"]
[Site "Poland"]
[Date "2008.02.03"]
[Round "1.2"]
[White "Kozak, Pawel"]
[Black "Gawronek, Jozef"]
[Result "1-0"]
[WhiteElo "2022"]
[BlackElo "1974"]
[PlyCount "95"]
[EventDate "2008.02.03"]
[EventType "team-swiss"]
[EventRounds "9"]
[EventCountry "POL"]
[SourceTitle "EXT 2019"]
[Source "ChessBase"]
[SourceDate "2018.10.10"]
[SourceVersion "1"]
[SourceVersionDate "2018.10.10"]
[SourceQuality "1"]

1. c4 e5 2. g3 Nc6 3. Bg2 Nf6 4. Nc3 d6 5. e4 Bg4 6. f3 Be6 7. d3 Qd7 8. Nd5 Be7 9. Ne2 h6 10. Be3 g5 11. 0-0 Nh7 12. Qb3 Bd8 13. d4 b6 14. Qc3 Bh3 15. Rad1 Bxg2 16. Kxg2 Qe6 17. dxe5 dxe5 18. Rd2 0-0 19. g4 Ne7 20. Nxe7+ Bxe7 21. Ng3 Rfd8 22. Rfd1 Rxd2+ 23. Rxd2 Rd8 24. Rxd8+ Bxd8 25. Qd3 Be7 26. Nf5 Bd6 27. Qd5 Qxd5 28. Nxh6+ Kf8 29. cxd5 Ke8 30. Nf5 Bf8 31. Kf2 Kd7 32. Ke2 f6 33. Kd3 c6 34. h4 gxh4 35. Nxh4 Ng5 36. Ng6 Bd6 37. f4 exf4 38. Bxf4 cxd5 39. exd5 Bxf4 40. Nxf4 Kd6 41. Kd4 a5 42. Nh5 Nf3+ 43. Ke3 Ne5 44. Nxf6 Nc4+ 45. Kd4 Nxb2 46. g5 Na4 47. g6 Ke7 48. g7 1-0